The water cycle / (Record no. 755)

MARC details
000 -LEADER
fixed length control field 01220cam a22002894a 4500
005 - DATE AND TIME OF LATEST TRANSACTION
control field 20230908140120.0
020 ## - INTERNATIONAL STANDARD BOOK NUMBER
International Standard Book Number 9780778722762 (rlb)
020 ## - INTERNATIONAL STANDARD BOOK NUMBER
International Standard Book Number 9780778723103
040 ## - CATALOGING SOURCE
Original cataloging agency DLC
Transcribing agency DLC
Modifying agency DLC
Language of cataloging eng
050 00 - LIBRARY OF CONGRESS CALL NUMBER
Classification number GB662.K35418
082 00 - DEWEY DECIMAL CLASSIFICATION NUMBER
Classification number 551.48
Edition number 22
100 1# - MAIN ENTRY--PERSONAL NAME
Personal name Kalman, Bobbie.
245 14 - TITLE STATEMENT
Title The water cycle /
Statement of responsibility, etc. Bobbie Kalman & Rebecca Sjonger.
260 ## - PUBLICATION, DISTRIBUTION, ETC.
Place of publication, distribution, etc. New York :
Name of publisher, distributor, etc. Crabtree Publishing Company,
Date of publication, distribution, etc. 2006
300 ## - PHYSICAL DESCRIPTION
Extent 32 pages :
Other physical details color illustrations ;
Dimensions 25 cm
500 ## - GENERAL NOTE
General note Includes index.
505 ## - FORMATTED CONTENTS NOTE
Formatted contents note R <br/><br/>
520 ## - SUMMARY, ETC.
Summary, etc. All life on Earth depends on the water cycle! This fascinating book this introduces children to this important cycle using a clear, step-by step approach. Kids will learn how evaporation, condensation, precipitation, and run-off work together to move water from the ground to the air and then back down again. Full-color diagrams and beautiful images help make the water cycle come alive for kids.
521 ## - TARGET AUDIENCE NOTE
Target audience note 710 <br/><br/>
Source Lexile <br/><br/>
521 ## - TARGET AUDIENCE NOTE
Target audience note R <br/><br/><br/>
Source Raz-Plus <br/><br/>
650 #0 - SUBJECT ADDED ENTRY--TOPICAL TERM
Topical term or geographic name entry element Water
Form subdivision Non-fiction.
650 #0 - SUBJECT ADDED ENTRY--TOPICAL TERM
Topical term or geographic name entry element Hydrologic cycle
Form subdivision Non-fiction.
700 1# - ADDED ENTRY--PERSONAL NAME
Personal name Sjonger, Rebecca
906 ## - LOCAL DATA ELEMENT F, LDF (RLIN)
a 7
b cbc
c orignew
d 1
e ecip
f 20
g y-gencatlg
942 ## - ADDED ENTRY ELEMENTS (KOHA)
Source of classification or shelving scheme Dewey Decimal Classification
Koha item type Books
Suppress in OPAC No
999 ## -
-- 755
-- 755
Holdings
Withdrawn status Lost status Source of classification or shelving scheme Damaged status Not for loan Collection Home library Current library Shelving location Date acquired Total Checkouts Full call number Barcode Date last seen Date last checked out Price effective from Koha item type
    Dewey Decimal Classification     Non-Fiction Footprints International School Library Network Toul Kork Campus Footprints International School Library Network Toul Kork Campus   07/06/2023 1 KAL 551.48 GB662.K35418 FIS01303 01/22/2024 01/15/2024 07/06/2023 Books